000 00689nam a22002297a 4500
005 20241021150611.0
010 _aENG-142217
020 _a9381236119
_c100.00
035 _aEN-125749
037 _bDBAD/PUB
082 _a551.5
100 _aSureshKumar, S.M.
_973070
245 _aAgricultural Meteorology/
_cS.M. Sureshkumar, G. Baradhan, S. Maniaran and N. Ramesh
250 _aFirst
260 _aChennai
_bSri Velan Pathippagam
_c2012
270 _a5, S.P. Koil Street
_bChidambaram
_e608001
300 _a148p.
_b21cm(pb)
700 _aG. Baradhan
_973071
700 _aS. Maniaran
_973072
700 _aN. Ramesh
_973073
942 _2ddc
_cEN
_h551.5
_mAGR
999 _c206525
_d206525